Quizzes
Events
Quiz Creation
Community
Videos
Private Events
Remove Ads
Sign In
Join for FREE
Feedback
Dark Mode
Quiz Categories
Sports
Geography
Music
Movies
Television
Just For Fun
Miscellaneous
History
Literature
Language
Science
Gaming
Entertainment
Religion
Holiday
For Kids
Quiz Lab
Recent
Popular Today
Quiz Kudos Today
Editor Picks
Curator Picks
Quizzes by...
Day
Popularity
Type
Ratings
Length
Year
Community
Subscriptions
Recent Discussions
Orange Saloon
Badges
Playlists
Quests
Create
Leaderboards
Showdown
Live 5
Trivia Bingo
Activity
Puzzle Library
Sporcle Events
Private Events
Virtual Trivia
Globe League
Become a Host
Pub Owners
SporcleCon
Opinionation
Our Games
Videos
Blog
Mobile Apps
Partnerships
Remove Ads and Go Orange
Feedback
Sports
Athletes
MLB
NBA
NHL
NFL
Soccer
Sports Teams
WWE
NCAA
Football
Premier League
Basketball
Baseball
Hockey
Golf
Tennis
Cricket
Rugby
Auto Racing
Olympics
World Cup
Sports
Athletes
MLB
NBA
NHL
NFL
Soccer
Sports Teams
WWE
NCAA
Football
Premier League
Basketball
Baseball
Hockey
Golf
Tennis
Cricket
Rugby
Auto Racing
Olympics
World Cup
Random Quiz
Search Sporcle
×
Quiz Lab
Quiz Lab
Sports
Soccer
Type in answers that appear in a list
Type in answers that appear in a list
Classic
Best Score? Go Orange.
Every Manchester City Goal 2014/15 Stats
Can you name every Manchester City player to have scored in the 2014/15 season?
By
Jigjag
6m
102 Questions
135 Plays
135 Plays
135 Plays
Comments
Comments
Give Quiz Kudos
Give Quiz Kudos
-
- Ratings
hide this ad
More Info
Replay
Link that replays current quiz
Next Quiz
Link to next quiz in quiz playlist
You Got
0%
They Got
Avg Score
84%
Avg Friend Score
Upgrade to see
Score Distribution
Jump to the score distribution portion of the page
Score
0/102
Timer
06:00
0
Plays Today
Goal Number, Opposition, Goal Time
Player
% Correct
Goal #2 vs Newcastle United (A), 90+2
Sergio Aguero
97.8%
Goal #5 vs Liverpool (H), 69
Sergio Aguero
97%
Goal #6 vs Arsenal (A), 28
Sergio Aguero
97%
Goal #12 vs Sheffield Wednesday (H), 60
Yaya Toure
97%
Goal #16 vs Hull City (A), 7
Sergio Aguero
97%
Goal #20 vs AS Roma (H), 4
Sergio Aguero
97%
Goal #21 vs Aston Villa (A), 82
Yaya Toure
97%
Goal #22 vs Aston Villa (A), 88
Sergio Aguero
97%
Goal #24 vs Tottenham Hotspur (H), 20
Sergio Aguero
97%
Goal #23 vs Tottenham Hotspur (H), 13
Sergio Aguero
97%
Goal #25 vs Tottenham Hotspur (H), 68
Sergio Aguero
97%
Goal #26 vs Tottenham Hotspur (H), 75
Sergio Aguero
97%
Goal #27 vs CSKA Moscow (A), 29
Sergio Aguero
97%
Goal #30 vs Manchester United (H), 63
Sergio Aguero
97%
Goal #31 vs CSKA Moscow (H), 8
Yaya Toure
97%
Goal #32 vs Queens Park Rangers (A), 32
Sergio Aguero
97%
Goal #33 vs Queens Park Rangers (A), 83
Sergio Aguero
97%
Goal #35 vs Swansea City (H), 62
Yaya Toure
97%
Goal #36 vs Bayern Munich (H), 22
Sergio Aguero
97%
Goal #37 vs Bayern Munich (H), 85
Sergio Aguero
97%
Goal #38 vs Bayern Munich (H), 90+1
Sergio Aguero
97%
Goal #39 vs Southampton (A), 51
Yaya Toure
97%
Goal #42 vs Sunderland (A), 21
Sergio Aguero
97%
Goal #45 vs Sunderland (A), 71
Sergio Aguero
97%
Goal #46 vs Everton (H), 24
Yaya Toure
97%
Goal #52 vs Crystal Palace (H), 81
Yaya Toure
97%
Goal #54 vs West Bromwich Albion (A), 13
Yaya Toure
97%
Goal #58 vs Sunderland (H), 57
Yaya Toure
97%
Goal #66 vs Stoke City (A), 33
Sergio Aguero
97%
Goal #68 vs Stoke City (A), 70
Sergio Aguero
97%
Goal #70 vs Newcastle United (H), 2
Sergio Aguero
97%
Goal #75 vs Barcelona (H), 69
Sergio Aguero
97%
Goal #82 vs Crystal Palace (A), 78
Yaya Toure
97%
Goal #83 vs Manchester United (A), 8
Sergio Aguero
97%
Goal Number, Opposition, Goal Time
Player
% Correct
Goal #84 vs Manchester United (A), 89
Sergio Aguero
97%
Goal #86 vs West Ham United (H), 36
Sergio Aguero
97%
Goal #87 vs Aston Villa (H), 3
Sergio Aguero
97%
Goal #90 vs Tottenham Hotspur (A), 29
Sergio Aguero
97%
Goal #91 vs Queens Park Rangers (H), 4
Sergio Aguero
97%
Goal #93 vs Queens Park Rangers (H), 50
Sergio Aguero
97%
Goal #94 vs Queens Park Rangers (H), 65
Sergio Aguero
97%
Goal #97 vs Swansea City (A), 21
Yaya Toure
97%
Goal #99 vs Swansea City (A), 74
Yaya Toure
97%
Goal #102 vs Southampton (H), 88
Sergio Aguero
97%
Goal #1 vs Newcastle United (A), 38
David Silva
95.6%
Goal #29 vs West Ham United (A), 77
David Silva
95.6%
Goal #50 vs Crystal Palace (H), 49
David Silva
95.6%
Goal #51 vs Crystal Palace (H), 61
David Silva
95.6%
Goal #55 vs West Bromwich Albion (A), 34
David Silva
95.6%
Goal #56 vs Burnley (H), 23
David Silva
95.6%
Goal #64 vs Chelsea (A), 45+1
David Silva
95.6%
Goal #73 vs Newcastle United (H), 2
David Silva
95.6%
Goal #74 vs Newcastle United (H), 2
David Silva
95.6%
Goal #77 vs Leicester City (H), 45+2
David Silva
95.6%
Goal #81 vs West Bromwich Albion (H), 77
David Silva
95.6%
Goal #96 vs Queens Park Rangers (H), 87
David Silva
95.6%
Goal #10 vs Sheffield Wednesday (H), 53
Edin Dzeko
89.6%
Goal #13 vs Sheffield Wednesday (H), 77
Edin Dzeko
89.6%
Goal #17 vs Hull City (A), 10
Edin Dzeko
89.6%
Goal #18 vs Hull City (A), 67
Edin Dzeko
89.6%
Goal #72 vs Newcastle United (H), 2
Edin Dzeko
89.6%
Goal #76 vs Liverpool (A), 26
Edin Dzeko
89.6%
Goal #57 vs Burnley (H), 33
Fernandinho
87.4%
Goal #63 vs Everton (A), 74
Fernandinho
87.4%
Goal #89 vs Aston Villa (H), 89
Fernandinho
87.4%
Goal #44 vs Sunderland (A), 55
Pablo Zabaleta
85.9%
Goal #48 vs AS Roma (A), 86
Pablo Zabaleta
85.9%
Goal #41 vs Southampton (A), 88
Gael Clichy
85.2%
Goal Number, Opposition, Goal Time
Player
% Correct
Goal #88 vs Aston Villa (H), 66
Aleksandar Kolarov
84.4%
Goal #92 vs Queens Park Rangers (H), 32
Aleksandar Kolarov
84.4%
Goal #11 vs Sheffield Wednesday (H), 54
Jesus Navas
82.2%
Goal #47 vs AS Roma (A), 60
Samir Nasri
81.5%
Goal #69 vs Stoke City (A), 76
Samir Nasri
81.5%
Goal #71 vs Newcastle United (H), 2
Samir Nasri
81.5%
Goal #53 vs West Bromwich Albion (A), 8
Fernando
77.8%
Goal #80 vs West Bromwich Albion (H), 40
Fernando
77.8%
Goal #28 vs CSKA Moscow (A), 38
James Milner
71.9%
Goal #61 vs Sheffield Wednesday (H), 66
James Milner
71.9%
Goal #62 vs Sheffield Wednesday (H), 90+1
James Milner
71.9%
Goal #65 vs Hull City (H), 90+2
James Milner
71.9%
Goal #67 vs Stoke City (A), 55
James Milner
71.9%
Goal #78 vs Leicester City (H), 88
James Milner
71.9%
Goal #95 vs Queens Park Rangers (H), 70
James Milner
71.9%
Goal #98 vs Swansea City (A), 36
James Milner
71.9%
Goal #7 vs Arsenal (A), 83
Martin Demichelis
71.1%
Goal #3 vs Liverpool (H), 41
Stevan Jovetic
67.4%
Goal #4 vs Liverpool (H), 55
Stevan Jovetic
67.4%
Goal #34 vs Swansea City (H), 19
Stevan Jovetic
67.4%
Goal #43 vs Sunderland (A), 39
Stevan Jovetic
67.4%
Goal #59 vs Sunderland (H), 66
Stevan Jovetic
67.4%
Goal #100 vs Swansea City (A), 90+2
Wilfried Bony
65.9%
Goal #79 vs West Bromwich Albion (H), 27
Wilfried Bony
65.9%
Goal #8 vs Chelsea (H), 85
Frank Lampard
44.4%
Goal #9 vs Sheffield Wednesday (H), 47
Frank Lampard
44.4%
Goal #15 vs Sheffield Wednesday (H), 90+3
Frank Lampard
44.4%
Goal #19 vs Hull City (A), 87
Frank Lampard
44.4%
Goal #40 vs Southampton (A), 80
Frank Lampard
44.4%
Goal #49 vs Leicester City (A), 40
Frank Lampard
44.4%
Goal #60 vs Sunderland (H), 73
Frank Lampard
44.4%
Goal #101 vs Southampton (H), 31
Frank Lampard
44.4%
Goal #85 vs West Ham United (H), 18
James Collins (Own Goal)
29.6%
Goal #14 vs Sheffield Wednesday (H), 88
Jose Angel Pozo
21.5%
Quiz Playlist
Details
Report
Send in Message
Add To Playlist
More Info:
Pre season not included. Penalty shootout not included.
Classic:
Type in answers that appear in a list
Quiz Source
Last Updated: Nov 19, 2017
Quiz Scoreboard
CHALLENGE
Sign Up to Join the Scoreboard
Show All
Scores
Hide
Comments
May contain spoilers
Recently Published
Alphabetical 'K' Countries by Flag Minefield
by ylime102
Geography
3m
Pick 6: Fruits
by JohnFran
Miscellaneous
15s
Click the 1999 NBA Draft
by nibperrychub
Sports
2m
More to Explore
Quiz From the Vault
Featured Blog Post
15 Basketball Trivia Facts You Can Be March Mad About
hide this ad
You Might Also Like...
Tags
Football Quiz
Premier League Quiz
Soccer Quiz
Argentinean Soccer
Champions League
English Soccer
FA Cup
Manchester
Manchester City
UEFA Champions' League
Today's Top Quizzes in Sports
Browse Sports
hide this ad
Today's Top Quizzes in Soccer
Browse Soccer
Top Contributed Quizzes in Sports
1
Don't Strike Out: 3000 Strikeouts
2
MLB 2 truths and a lie: Hall of Fame pitchers
3
Pick 6: NFL Teams
4
Criteria MLB: Left Handed Sluggers
5
MLB Players with Two .350 Batting Average Seasons
6
2022 World Cup Stars
7
Les joueurs à 100 buts en Ligue 1 Uber Eats
8
Millionaire: NBA Finals Edition
9
Pick 6: Minor League Baseball
10
Last 10 Members of the 500 HR Club in Order
Explore More
Trending Topics
Anime
Kpop
NBA
Disney
Harry Potter
Marvel
Crossword
WWE
Country
The Office
NFL
Puzzle
Pokémon
Song
Soccer
hide this ad
More By:
Jigjag
Quiz
Plays
Rating
Category
Featured
Created
Every Manchester City Goal 2013/14
127
Sports
Oct 7, 2016
Arsenal and Manchester United
5,310
5.00
Sports
Aug 8, 2016
The 100 Greatest Footballers of All Time
3,900
3.46
Sports
Nov 24, 2018
World Cup Winners that played in the Premier League
3,212
5.00
Sports
Aug 25, 2015
England football players of the 2010s
3,009
5.00
Sports
Dec 20, 2016
Everton and Manchester United
2,915
5.00
Sports
Jul 11, 2016
Go to Creator's Profile
Score Distribution
Quiz Creator Spotlight
Jigjag
Follow
Send a Message
Quizzes Created
-
Created Quiz Play Count
-
More By This Creator
Popular Quizzes Today
1
Find the US States - No Outlines Minefield
2
Countries of Asia Without Outlines Minefield
3
Pick 6: Fruits
4
The Countries of the World
5
Alphabetical 'K' Countries by Flag Minefield
6
Click the 1999 NBA Draft
7
Match the Book to the Film X
8
Find the US States
More Sports Quizzes
NFL Teams by Owner
Published
Trending Quizzes
Pick 6: Harry Potter
Pick 6: Mountains
Pick 6: NFL Teams
Pick 6: Movie Franchises
Pick 6: Golfers
Recently Updated
Women's Final Four Teams by Year
bhenderson79
Presidents Quartet II
eogle
Anything But Clue(do)
eogle
Anything But Oceanian Capitals
eogle
Anything But 7
eogle
Anything But Thing
eogle
Word Ladder: February 29
pecheneg
Song Title Questions
pecheneg
Women's NCAA Tournament #1 Seeds
pecheneg
Celebrity Mug Shots
pecheneg
Trending Topics
Crossword
Kpop
Marvel
Anime
NBA
Disney
Harry Potter
Song
Country
Pokémon
Puzzle
The Office
NFL
Soccer
WWE
Your Account Isn't Verified!
In order to create a playlist on Sporcle, you need to verify the email address you used during registration. Go to your
Sporcle Settings
to finish the process.
Report this User
Report this user for behavior that violates our
Community Guidelines
.
Details:
Send Report
Go to the Sporcle.com Mobile Site →
Comments